Lectures In Mathematical Statistics (Record no. 8050)

MARC details
000 -LEADER
fixed length control field 00431nam a22001337a 4500
003 - CONTROL NUMBER IDENTIFIER
control field NG-AbAUS
008 - FIXED-LENGTH DATA ELEMENTS--GENERAL INFORMATION
fixed length control field 160921b xxu||||| |||| 00| 0 eng d
082 ## - DEWEY DECIMAL CLASSIFICATION NUMBER
Classification number 510.072 Oc7
100 ## - MAIN ENTRY--PERSONAL NAME
Personal name Octavian Agratini
Dates associated with a name 2010
9 (RLIN) 1089
245 ## - TITLE STATEMENT
Title Lectures In Mathematical Statistics
Statement of responsibility, etc [by] Octavian Agratini
260 ## - PUBLICATION, DISTRIBUTION, ETC. (IMPRINT)
Place of publication, distribution, etc Romania
Name of publisher, distributor, etc Babes-Bolyai University
Date of publication, distribution, etc 2010
300 ## - PHYSICAL DESCRIPTION
Extent Pp 118
Other physical details Apprndix, Graphs, Illustrations, Tables
Dimensions 29 cm
942 ## - ADDED ENTRY ELEMENTS (KOHA)
Source of classification or shelving scheme Dewey Decimal Classification
Item type Book

No items available.